| 000 | 01719 a2200193 4500 | ||
|---|---|---|---|
| 003 | Nust | ||
| 005 | 20221223115454.0 | ||
| 020 | _a8122403379 | ||
| 040 | _cNust | ||
| 082 | _a621.388,GUL | ||
| 100 |
_aGulati R.R _963177 |
||
| 245 |
_aModern Television Practice : _bprinciples, technology and servicing / _cR.R Gulati |
||
| 260 |
_aIndia _bWiley Eastern Limited _c1991 |
||
| 300 | _a673p | ||
| 505 | _aIntroduction to Television (Page-1), Television Pictures (Page-10), Television Cameras (Page-23), Picture Tubes (Page-38), Composite Video Signal (Page-60), Colour Signal Generation and Encoding (Page-74), Television Signal Transmission and Propagation (Page-92), Television Systems and Standards (Page-120), Monochrome Television Receiver (Page-139), Pal-D Colour Receiver (Page-162), Television Receiver Tuners(Page-188), Vision if Subsystem(Page-211), Receiver Sound System (Page-238), Video Amplifiers and Luminance (Page-265), Colour Signal Decoding and Matrixing (Page-299), Sync Separation AFC Deflection (Page-332), Frame Deflection Circuits (Page-369), Line Deflection Circuit(Page-387),Television Receiver Power Supplies (Page-400), Receiver Antenna and Transmission Lines (Page-421), Receiver Circuits Components and Trouble Shooting (Page-453), Receiver Alignment and Servicing (Page-479), B&W Receiver Circuit and Aigment (Page-513), Monochrome Reviver Servicing (Page-530), Colour Receiver Types (Page-551), Cable Television (Page-565), Satellite Television (Page-580), Video-Tape Recording and Playback (Page-596), Teletext and Video Games (Page-626), Advances in Television Technology (Page-644). | ||
| 600 |
_aR R Gulati _9105751 |
||
| 650 |
_aModern Television _9105752 |
||
| 942 |
_2ddc _cBK |
||
| 999 |
_c183324 _d183324 |
||